| 000 | 00622nam a2200217Ia 4500 | ||
|---|---|---|---|
| 003 | OSt | ||
| 005 | 20230410144337.0 | ||
| 008 | 210423s2017 xx 000 0 und d | ||
| 020 | _a978-81-7708-441-2 | ||
| 040 | _cAL | ||
| 041 | _aeng | ||
| 082 |
_a332.4 _223 _bSAHD |
||
| 100 |
_aSAHOO (Niranjan);LOHANA (Sarika R) _985433 |
||
| 245 | _aDemonetization: digital India and governance | ||
| 260 |
_aNew Delhi _bNew Century Publications. _c2017 |
||
| 300 |
_axxiv,210 _bHB |
||
| 365 |
_b870 _cINR |
||
| 650 |
_aMonetary Economics _985434 |
||
| 906 | _aDemonetization: ; digital ; governance ; India | ||
| 942 |
_2ddc _cBK |
||
| 999 |
_c169530 _d169530 |
||